[Event "26th WSCC 2016 Open 65+"]
[Site "Marianske Lazne, Czech Republic - Hotel Cristal and Continental"]
[Date "2016.11.27"]
[Round "8.99"]
[White "Do Prado, Hamilton Mesquita"]
[Black "Auvinen, Esa"]
[Result "0-1"]
[WhiteElo "1672"]
[BlackElo "1887"]
[PlyCount "96"]
[EventDate "2016.11.19"]

1. d4 Nf6 2. Bf4 e6 3. e3 d5 4. h3 Be7 5. Nf3 O-O 6. Bd3 a6 7. a4 b6 8. O-O Bb7
9. Nbd2 Nbd7 10. Re1 c5 11. c3 Qc8 12. Ne5 Nxe5 13. Bxe5 h6 14. Bh2 Rd8 15. Nf3
Ne4 16. Ne5 Nf6 17. Qf3 Rf8 18. Kh1 Ne4 19. Bxe4 dxe4 20. Qg4 Qd8 21. Bf4 Bg5
22. g3 Kh7 23. h4 Bf6 24. Qh5 Bxe5 25. dxe5 Qe8 26. g4 f5 27. Qxe8 Raxe8 28.
gxf5 Rxf5 29. Rad1 Bd5 30. Rg1 Rh5 31. c4 Rxh4+ 32. Bh2 Bxc4 33. Rd7 Rg8 34.
Rb7 Be2 35. Rg3 Kh8 36. Rd7 b5 37. a5 Rg4 38. Rd6 Rc8 39. Rxg4 Bxg4 40. Kg2 c4
41. Rxa6 b4 42. Kg3 c3 43. bxc3 bxc3 44. Kxg4 c2 45. Rxe6 c1=Q 46. a6 Qd1+ 47.
Kh4 g5+ 48. Kh3 Qd7 0-1

[Event "26th WSCC 2016 Open 65+"]
[Site "Marianske Lazne, Czech Republic - Hotel Cristal and Continental"]
[Date "2016.11.27"]
[Round "8.100"]
[White "Freeke, Kees"]
[Black "Bernhoeft, Erhard"]
[Result "0-1"]
[WhiteElo "1791"]
[BlackElo "1962"]
[PlyCount "52"]
[EventDate "2016.11.19"]

1. f4 g6 2. Nf3 Bg7 3. e3 d6 4. Be2 e5 5. fxe5 dxe5 6. Nc3 Ne7 7. e4 Nbc6 8. d3
Nd4 9. Be3 f5 10. Qd2 O-O 11. O-O-O f4 12. Bf2 c5 13. Kb1 Rb8 14. Rc1 b5 15.
Rhd1 b4 16. Nd5 Nxd5 17. exd5 Qxd5 18. c3 bxc3 19. Rxc3 Be6 20. b3 Nb5 21. Rcc1
e4 22. Bxc5 exf3 23. Bxf3 Qe5 24. d4 Qf5+ 25. Ka1 Rfd8 26. Qf2 Rbc8 0-1

[Event "26th WSCC 2016 Open 65+"]
[Site "Marianske Lazne, Czech Republic - Hotel Cristal and Continental"]
[Date "2016.11.27"]
[Round "8.102"]
[White "Zak, Jiri"]
[Black "Goetze, Peter"]
[Result "1/2-1/2"]
[WhiteElo "1628"]
[BlackElo "1862"]
[PlyCount "48"]
[EventDate "2016.11.19"]

1. d4 Nf6 2. c4 d6 3. Nf3 Nbd7 4. Nc3 c6 5. e4 e5 6. d5 Nc5 7. Qc2 a5 8. Be3
Na6 9. a3 c5 10. Be2 Be7 11. O-O O-O 12. Nd2 Ng4 13. Bxg4 Bxg4 14. f4 exf4 15.
Bxf4 Bf6 16. Nb5 Be5 17. Bxe5 dxe5 18. Rf2 Nc7 19. Nxc7 Qxc7 20. a4 Rad8 21.
Nb1 Rd6 22. Nc3 Bd7 23. Raf1 b6 24. b3 Qd8 1/2-1/2

[Event "26th WSCC 2016 Open 65+"]
[Site "Marianske Lazne, Czech Republic - Hotel Cristal and Continental"]
[Date "2016.11.27"]
[Round "8.103"]
[White "Svoboda, Jaroslav"]
[Black "Borensztajn, David"]
[Result "1/2-1/2"]
[WhiteElo "1712"]
[BlackElo "2211"]
[PlyCount "42"]
[EventDate "2016.11.19"]

1. d4 Nf6 2. c4 c5 3. d5 b5 4. Qc2 g6 5. e4 d6 6. cxb5 Bg7 7. Nc3 O-O 8. Nf3 a6
9. bxa6 Bxa6 10. Bxa6 Nxa6 11. O-O Qb6 12. a3 Rfb8 13. Rb1 Qc7 14. Qe2 Ng4 15.
Bd2 Ne5 16. Nxe5 Bxe5 17. f4 Bg7 18. Kh1 Rf8 19. Rfc1 Qb7 20. Nd1 Nc7 21. Bc3
Bh6 $11 1/2-1/2

[Event "26th WSCC 2016 Open 65+"]
[Site "Marianske Lazne, Czech Republic - Hotel Cristal and Continental"]
[Date "2016.11.27"]
[Round "8.104"]
[White "Olesen, Poul Erik Norgaard"]
[Black "Kaldybayev, Orazbek"]
[Result "1-0"]
[WhiteElo "1998"]
[BlackElo "1793"]
[PlyCount "113"]
[EventDate "2016.11.19"]

1. e4 c5 2. Nf3 d6 3. d4 cxd4 4. Nxd4 Nf6 5. Nc3 a6 6. f4 Qc7 7. Be2 Nbd7 8.
Nf5 g6 9. Ne3 e6 10. O-O b5 11. a3 Bb7 12. Bf3 Bg7 13. Re1 O-O 14. Nf1 Rfd8 15.
Qe2 Ne8 16. Bd2 Nb6 17. Ne3 Rac8 18. Rad1 d5 19. exd5 exd5 20. Ng4 Nd6 21. Ne5
Ndc4 22. Nxc4 Nxc4 23. Bc1 Nxb2 24. Bxb2 Bxc3 25. Bxc3 Qxc3 26. Qe7 Qc5+ 27.
Kh1 Qc7 28. f5 Qxe7 29. Rxe7 Bc6 30. fxg6 hxg6 31. Bg4 Ra8 32. Rf1 Be8 33. h4
Rd6 34. h5 Kg7 35. hxg6 Rxg6 36. Bh5 Rf6 37. Rfe1 Kf8 38. Bf3 Bc6 39. R1e5 Rd8
40. Ra7 Ba8 41. Ree7 Kg7 42. Bh5 Rf8 43. Kg1 Bc6 44. Rxa6 Be8 45. Raa7 Rd6 46.
Ra8 Re6 47. Rxe6 fxe6 48. Rxe8 Rf4 49. Rxe6 Rh4 50. Be2 b4 51. axb4 Rxb4 52.
Re5 Rd4 53. Bd3 Kf6 54. Rh5 Ke6 55. Kf2 Kd6 56. g3 Kc5 57. Rh4 1-0

[Event "26th WSCC 2016 Open 65+"]
[Site "Marianske Lazne, Czech Republic - Hotel Cristal and Continental"]
[Date "2016.11.27"]
[Round "8.105"]
[White "Weller, Karl"]
[Black "Scholtyssek, Werner"]
[Result "1-0"]
[WhiteElo "1969"]
[BlackElo "1734"]
[PlyCount "77"]
[EventDate "2016.11.19"]

1. c4 c5 2. Nf3 Nc6 3. d4 cxd4 4. Nxd4 Nf6 5. Nc3 e6 6. e4 Bb4 7. Nxc6 bxc6 8.
Bd3 e5 9. Be3 O-O 10. O-O Be7 11. f3 Bb7 12. c5 Qa5 13. Qa4 Qc7 14. Rac1 a5 15.
Rfd1 Rfd8 16. Bc4 Ba6 17. Bxa6 Rxa6 18. Qc4 Raa8 19. Na4 d5 20. cxd6 Bxd6 21.
Qxc6 Ne8 22. Qxc7 Bxc7 23. Kf1 f6 24. Ke2 Kf7 25. Rxd8 Rxd8 26. Rd1 Nd6 27. b3
Nb5 28. Rxd8 Bxd8 29. Bc5 Ke6 30. g4 g5 31. Kd3 Kd7 32. Be3 Kc6 33. Nc3 Nxc3
34. Kxc3 Be7 35. Kc4 Bb4 36. Bc1 Be7 37. Bd2 Bd8 38. a3 Be7 39. Bxa5 1-0

[Event "26th WSCC 2016 Open 65+"]
[Site "Marianske Lazne, Czech Republic - Hotel Cristal and Continental"]
[Date "2016.11.27"]
[Round "8.106"]
[White "Mella, Aage"]
[Black "Schwertel, Johann"]
[Result "0-1"]
[WhiteElo "1781"]
[BlackElo "1961"]
[PlyCount "54"]
[EventDate "2016.11.19"]

1. c4 c5 2. Nf3 Nc6 3. e3 e5 4. Nc3 Nf6 5. d3 a6 6. Bd2 d6 7. a3 Bg4 8. Be2 Be7
9. h3 Bd7 10. Nd5 Nxd5 11. cxd5 Nb8 12. b4 b6 13. O-O O-O 14. Qb3 Bc8 15. Bc3
Nd7 16. Nd2 f5 17. f4 exf4 18. exf4 Bf6 19. Rae1 b5 20. Kh2 Qb6 21. Bf3 cxb4
22. axb4 Bb7 23. Re6 Rac8 24. Bxf6 Nxf6 25. Rfe1 Qd4 26. g3 Rc3 27. Qd1 Rxd3
0-1

[Event "26th WSCC 2016 Open 65+"]
[Site "Marianske Lazne, Czech Republic - Hotel Cristal and Continental"]
[Date "2016.11.27"]
[Round "8.107"]
[White "Siewert, Wolfgang"]
[Black "Bernardo Jimenez, Fernando"]
[Result "0-1"]
[WhiteElo "1753"]
[BlackElo "1926"]
[PlyCount "96"]
[EventDate "2016.11.19"]

1. g3 g6 2. Bg2 Bg7 3. c4 Nf6 4. Nc3 O-O 5. e4 d6 6. h3 c5 7. Nge2 Nc6 8. d3
Bd7 9. O-O Rb8 10. Be3 a6 11. Qd2 b5 12. Rab1 bxc4 13. dxc4 Qc8 14. Kh2 Ne5 15.
b3 Bxh3 16. Bxh3 Nf3+ 17. Kg2 Nxd2 18. Bxc8 Nxf1 19. Bxa6 Nxe3+ 20. fxe3 e6 21.
Rd1 Rb6 22. Bb5 Ng4 23. Kf3 Ne5+ 24. Kg2 Ng4 25. Kf3 Ne5+ 26. Kg2 Rd8 27. Na4
Rbb8 28. Nf4 Kf8 29. Nd3 Ke7 30. Nxe5 Bxe5 31. Rd3 h5 32. Nc3 Bxc3 33. Rxc3 h4
34. gxh4 Rh8 35. Kg3 Rh5 36. e5 Rxe5 37. Bc6 d5 38. cxd5 exd5 39. e4 dxe4 40.
Re3 f5 41. a4 Rb6 42. Bb5 Kf6 43. Kf4 Rd5 44. Rg3 Rd2 45. Be8 Rf2+ 46. Ke3 Rf3+
47. Rxf3 Rxb3+ 48. Ke2 Rxf3 0-1

[Event "26th WSCC 2016 Open 65+"]
[Site "Marianske Lazne, Czech Republic - Hotel Cristal and Continental"]
[Date "2016.11.27"]
[Round "8.108"]
[White "Zilbershtein, Victor"]
[Black "Belokopyt, Boris"]
[Result "1-0"]
[WhiteElo "1716"]
[BlackElo "1898"]
[PlyCount "88"]
[EventDate "2016.11.19"]

1. d4 d5 2. Nf3 Nf6 3. e3 e6 4. Bd3 c5 5. b3 Nc6 6. a3 a6 7. O-O Bd6 8. Bb2
cxd4 9. exd4 O-O 10. Qe2 Qc7 11. Ne5 Ne7 12. f4 b5 13. Nd2 Bb7 14. Rac1 Ng6 15.
f5 exf5 16. Rxf5 Rfe8 17. c4 dxc4 18. bxc4 b4 19. c5 Bxc5 20. dxc5 bxa3 21. Ba1
Nd5 22. g3 Nb4 23. Be4 Bc8 24. Rf2 Nc6 25. Ndf3 Ncxe5 26. Nxe5 Nxe5 27. Qc2 Ng6
28. Qc3 Qe5 29. Bb1 Qxc3 30. Bxc3 Re3 31. Be5 Rb3 32. Ba2 Rb7 33. c6 Re7 34.
Bd4 Be6 35. Bc5 Ree8 36. Bxe6 fxe6 37. Bxa3 a5 38. Rd2 Nf8 39. c7 Rec8 40. Be7
a4 41. Rd8 a3 42. Rxf8+ Rxf8 43. Bxf8 a2 44. Kg2 Rc8 1-0

[Event "26th WSCC 2016 Open 65+"]
[Site "Marianske Lazne, Czech Republic - Hotel Cristal and Continental"]
[Date "2016.11.27"]
[Round "8.109"]
[White "Peierl, Walter"]
[Black "Baumgarten, Werner"]
[Result "1/2-1/2"]
[WhiteElo "1741"]
[BlackElo "1882"]
[PlyCount "46"]
[EventDate "2016.11.19"]

{Waiting for moves from server...} 1. e4 c6 2. d4 d5 3. Nc3 dxe4 4. Nxe4 Bf5 5.
Ng3 Bg6 6. Nf3 Nd7 7. Bd3 Bxd3 8. Qxd3 Qc7 9. O-O e6 10. c4 Ngf6 11. Re1 Be7
12. Bg5 O-O 13. a3 a5 14. Ne4 Rfe8 15. Bxf6 Nxf6 16. Re2 Rad8 17. Nxf6+ Bxf6
18. Qe4 h6 19. Rae1 Re7 20. g3 Red7 21. Rd2 Qb6 22. Red1 Qb3 23. Qe2 Qb6
1/2-1/2

[Event "26th WSCC 2016 Open 65+"]
[Site "Marianske Lazne, Czech Republic - Hotel Cristal and Continental"]
[Date "2016.11.27"]
[Round "8.110"]
[White "Prammer, Franz"]
[Black "Kosina, Vladimir"]
[Result "1/2-1/2"]
[WhiteElo "1864"]
[BlackElo "1715"]
[PlyCount "91"]
[EventDate "2016.11.19"]

1. e4 c5 2. Nc3 a6 3. g3 b5 4. Bg2 Bb7 5. d3 g6 6. Be3 d6 7. Nf3 Bg7 8. Qd2 b4
9. Nd1 a5 10. a4 Qd7 11. O-O Bc6 12. d4 c4 13. e5 d5 14. b3 c3 15. Qc1 h6 16.
Ne1 e6 17. Nd3 Bf8 18. f3 Na6 19. N1f2 h5 20. Bg5 Bh6 21. Nh3 Bxg5 22. Qxg5 Qd8
23. Qf4 Nh6 24. Ng5 Qe7 25. Bh3 Bd7 26. Rfe1 O-O-O 27. Bf1 Nc7 28. Nc5 Rdf8 29.
Nh3 Nf5 30. Rad1 Bc6 31. Bd3 Rfg8 32. Ng5 Rg7 33. h4 Kb8 34. Kf2 Ka7 35. Rh1
Kb6 36. Bxf5 exf5 37. Rhe1 Ne6 38. Ncxe6 fxe6 39. Qe3 Bb7 40. f4 Qd7 41. Nf3
Ba6 42. Rg1 Ra8 43. Ne1 Qc6 44. Nd3 Bxd3 45. Qxd3 Rga7 46. Kg2 $11 1/2-1/2

[Event "26th WSCC 2016 Open 65+"]
[Site "Marianske Lazne, Czech Republic - Hotel Cristal and Continental"]
[Date "2016.11.27"]
[Round "8.111"]
[White "Mohammadian, Mohammad"]
[Black "Flockerzi, Armin"]
[Result "1-0"]
[WhiteElo "1683"]
[BlackElo "1860"]
[PlyCount "107"]
[EventDate "2016.11.19"]

1. e4 d6 2. d4 Nf6 3. Bd3 g6 4. Nf3 Bg7 5. h3 b6 6. c4 Bb7 7. Nc3 Nbd7 8. Be3
e6 9. O-O O-O 10. Qd2 e5 11. d5 Qc8 12. Bh6 Re8 13. Bxg7 Kxg7 14. Ne2 Nc5 15.
Ng3 h6 16. Bc2 Rh8 17. Nh2 Qd7 18. b4 Na6 19. a3 Raf8 20. f4 Qe7 21. Nf3 Bc8
22. Rf2 h5 23. fxe5 dxe5 24. Qg5 Qd6 25. Qxe5 Qxe5 26. Nxe5 Nb8 27. Raf1 Nbd7
28. Nc6 a6 29. Ne2 Bb7 30. Ned4 Nh7 31. e5 Bxc6 32. Nxc6 f6 33. e6 Nb8 34. Nd4
Re8 35. h4 Rhf8 36. Re2 f5 37. g3 Re7 38. Kg2 Rd8 39. Bxf5 c5 40. bxc5 bxc5 41.
Nb3 gxf5 42. Rxf5 Kg6 43. Ref2 Rc8 44. R5f4 Kg7 45. Re2 Nf8 46. Rf5 Kg6 47.
Rg5+ Kh6 48. Ree5 Ng6 49. Rxh5+ Kg7 50. Rhg5 Kh6 51. Ref5 Rf8 52. Rxg6+ Kxg6
53. Rxf8 Rb7 54. Nxc5 1-0

[Event "26th WSCC 2016 Open 65+"]
[Site "Marianske Lazne, Czech Republic - Hotel Cristal and Continental"]
[Date "2016.11.27"]
[Round "8.112"]
[White "Biza, Miroslav"]
[Black "Pihlajamaki, Antti"]
[Result "1-0"]
[WhiteElo "1728"]
[BlackElo "1848"]
[PlyCount "45"]
[EventDate "2016.11.19"]

1. d4 Nf6 2. Bf4 c5 3. e3 e6 4. Bd3 Nc6 5. c3 d5 6. Nf3 Nh5 7. Bg5 Be7 8. Bxe7
Qxe7 9. Nbd2 g6 10. Ne5 Nxe5 11. dxe5 O-O 12. g4 Ng7 13. h4 f6 14. Nf3 fxe5 15.
Nxe5 d4 16. Qd2 dxe3 17. Qxe3 Bd7 18. h5 g5 19. h6 Ne8 20. Nxd7 Qxd7 21. Qxg5+
Kh8 22. Qe5+ Kg8 23. O-O-O 1-0

[Event "26th WSCC 2016 Open 65+"]
[Site "Marianske Lazne, Czech Republic - Hotel Cristal and Continental"]
[Date "2016.11.27"]
[Round "8.113"]
[White "Rehak, Jiri"]
[Black "Birkestrand, Odd"]
[Result "1-0"]
[WhiteElo "1846"]
[BlackElo "1703"]
[PlyCount "77"]
[EventDate "2016.11.19"]

1. e4 e5 2. Bc4 Nf6 3. d4 Nc6 4. Nf3 Bb4+ 5. c3 Bd6 6. O-O O-O 7. Bg5 h6 8. Bh4
g5 9. Bg3 Nxe4 10. Bxe5 Nxe5 11. dxe5 Bc5 12. Qd5 b5 13. Bb3 Bb7 14. Qxb7 c6
15. Qa6 Be7 16. Nd4 Nc5 17. Nxc6 Nxa6 18. Nxd8 Raxd8 19. Nd2 Nc5 20. Bc2 d6 21.
exd6 Rxd6 22. Nf3 Bf6 23. Rfd1 Rfd8 24. Rxd6 Rxd6 25. Kf1 g4 26. Ne1 Rd2 27.
Rd1 Ne4 28. Rxd2 Nxd2+ 29. Ke2 Nc4 30. b3 Ne5 31. Ke3 Nc6 32. Be4 Ne5 33. Nd3
Kf8 34. Nxe5 Bxe5 35. Bc6 Bxc3 36. Bxb5 f6 37. Kf4 Be5+ 38. Kxg4 Bxh2 39. g3
1-0

[Event "26th WSCC 2016 Open 65+"]
[Site "Marianske Lazne, Czech Republic - Hotel Cristal and Continental"]
[Date "2016.11.27"]
[Round "8.114"]
[White "Novak, Jaromir"]
[Black "Kummer, Heinz"]
[Result "1/2-1/2"]
[WhiteElo "1843"]
[BlackElo "1702"]
[PlyCount "54"]
[EventDate "2016.11.19"]

1. d4 g6 2. c4 Bg7 3. Nc3 d6 4. e4 Nc6 5. Be3 e5 6. d5 Nce7 7. Bd3 Nh6 8. f3 f5
9. Nge2 a5 10. a3 O-O 11. Qd2 Nf7 12. O-O f4 13. Bf2 g5 14. b4 h5 15. Kh1 Ng6
16. Ng1 Nh6 17. Be2 g4 18. g3 h4 19. Rac1 axb4 20. axb4 b6 21. Ra1 Rxa1 22.
Rxa1 hxg3 23. hxg3 fxg3 24. Bxg3 Nf4 25. Ra8 Qg5 26. fxg4 Nxg4 27. Bxg4 Qxg4
$11 1/2-1/2

[Event "26th WSCC 2016 Open 65+"]
[Site "Marianske Lazne, Czech Republic - Hotel Cristal and Continental"]
[Date "2016.11.27"]
[Round "8.115"]
[White "Marshall, Michael"]
[Black "Horak, Miroslav"]
[Result "0-1"]
[WhiteElo "1841"]
[BlackElo "1686"]
[PlyCount "100"]
[EventDate "2016.11.19"]

1. c4 e5 2. g3 Nf6 3. Bg2 d5 4. cxd5 Nxd5 5. Nc3 Nb6 6. Nf3 Nc6 7. d3 Be7 8.
O-O O-O 9. a3 Be6 10. b4 a5 11. b5 Nd4 12. Rb1 c6 13. bxc6 Nxc6 14. a4 Rc8 15.
Bb2 f5 16. Nb5 Bf6 17. Ba3 e4 18. Nd2 Nb4 19. dxe4 Ba2 20. Bxb4 axb4 21. Rxb4
Qe7 22. Na7 Qxb4 23. Nxc8 Rxc8 24. exf5 Rd8 25. Qc2 Rxd2 26. Qc7 Rd7 27. Qb8+
Qf8 28. Qf4 Qd6 29. Qg4 Qd4 30. Qh5 Bf7 31. Qf3 Qxa4 32. e4 Nc4 33. Qf4 Be5 34.
Qg4 Rd2 35. h4 Qe8 36. Qf3 b5 37. g4 Qd8 38. g5 Rd3 39. Qg4 Qd7 40. h5 Nd2 41.
Re1 Bc3 42. Rc1 b4 43. g6 Be8 44. gxh7+ Kxh7 45. Bh3 Bf6 46. Bg2 b3 47. f4 Bd4+
48. Kh1 b2 49. Rb1 Nxb1 50. e5 Nc3 0-1

[Event "26th WSCC 2016 Open 65+"]
[Site "Marianske Lazne, Czech Republic - Hotel Cristal and Continental"]
[Date "2016.11.27"]
[Round "8.116"]
[White "Korenevski, Oleg"]
[Black "Svoboda, Zdenek"]
[Result "1-0"]
[WhiteElo "1823"]
[BlackElo "1659"]
[PlyCount "111"]
[EventDate "2016.11.19"]

1. d4 c6 2. c4 d5 3. cxd5 cxd5 4. Nf3 Nf6 5. Nc3 e6 6. Bf4 Qb6 7. Qc2 Bb4 8. a3
Qa5 9. Rc1 Bxc3+ 10. Qxc3 Qxc3+ 11. Rxc3 Nc6 12. e3 Ne4 13. Rc2 f6 14. h4 Ke7
15. Bd3 Nd6 16. Ke2 a6 17. Rhc1 Bd7 18. b4 Rhc8 19. Nd2 h6 20. Nb3 e5 21. Rxc6
Rxc6 22. Rxc6 Bxc6 23. dxe5 Ne4 24. f3 Nc3+ 25. Kd2 Nb5 26. a4 Na3 27. a5 Nc4+
28. Bxc4 dxc4 29. exf6+ Kxf6 30. Nd4 Rc8 31. Kc3 g5 32. hxg5+ hxg5 33. Bg3 Bb5
34. e4 Rh8 35. Bd6 Rh1 36. g3 Rd1 37. e5+ Kg6 38. Bc5 Rd3+ 39. Kb2 g4 40. f4
Rxg3 41. f5+ Kf7 42. e6+ Kf6 43. Bb6 Rd3 44. Bd8+ Ke5 45. Bb6 g3 46. Nxb5 axb5
47. e7 Kxf5 48. e8=Q Kg4 49. Qe4+ Kh3 50. Qf5+ Kh2 51. Qh5+ Kg2 52. Qxb5 c3+
53. Kc2 Rf3 54. Qd5 Kh2 55. Qxf3 g2 56. Qf2 1-0

[Event "26th WSCC 2016 Open 65+"]
[Site "Marianske Lazne, Czech Republic - Hotel Cristal and Continental"]
[Date "2016.11.27"]
[Round "8.117"]
[White "Dalling, Peter"]
[Black "Klus, Jan"]
[Result "1-0"]
[WhiteElo "1817"]
[BlackElo "1694"]
[PlyCount "139"]
[EventDate "2016.11.19"]

1. Nc3 e5 2. e4 c6 3. Bc4 Nf6 4. d3 d5 5. exd5 cxd5 6. Bb5+ Bd7 7. Bxd7+ Qxd7
8. Nf3 Nc6 9. O-O d4 10. Ne4 Nxe4 11. dxe4 Be7 12. Qe2 O-O 13. Rd1 Qg4 14. Bd2
Rad8 15. a3 h6 16. Re1 a6 17. Rad1 f5 18. exf5 Rxf5 19. h3 Qg6 20. Qe4 Qf7 21.
c3 Rf8 22. Re2 Rxf3 23. gxf3 Qb3 24. Rde1 Qe6 25. Qg4 Qd5 26. Re4 Kh7 27. h4
Rf6 28. Kh1 Qf7 29. f4 Rg6 30. Qh3 dxc3 31. Bxc3 exf4 32. Rg1 Rxg1+ 33. Kxg1 g5
34. hxg5 Bxg5 35. Qe6 Kg8 36. Qc8+ Kh7 37. Qe6 Kg8 38. f3 Nd8 39. Qxf7+ Kxf7
40. Bd2 Ne6 41. b4 Ke7 42. Kg2 Kd6 43. Kh3 Kd5 44. Kg4 Kd6 45. Bc3 Kd5 46. Kf5
Nc7 47. a4 b5 48. a5 Kc6 49. Bd2 Nd5 50. Re6+ Kb7 51. Rd6 Ne7+ 52. Kg4 Nc6 53.
Rd7+ Kc8 54. Rh7 Kb8 55. Bc3 Ne7 56. Be5+ Kc8 57. Bxf4 Bxf4 58. Rxe7 Bd2 59.
Re4 Kc7 60. f4 Kc6 61. f5 Kd5 62. Kf3 h5 63. f6 Bh6 64. f7 Bf8 65. Rh4 Ke6 66.
Rf4 Ke5 67. Re4+ Kd5 68. Ke3 Bh6+ 69. Kd3 Bf8 70. Rh4 1-0

[Event "26th WSCC 2016 Open 65+"]
[Site "Marianske Lazne, Czech Republic - Hotel Cristal and Continental"]
[Date "2016.11.27"]
[Round "8.119"]
[White "Hasberger, Walter"]
[Black "Benson, Lachlan"]
[Result "0-1"]
[WhiteElo "1739"]
[BlackElo "1988"]
[PlyCount "94"]
[EventDate "2016.11.19"]

1. e4 d5 2. exd5 Qxd5 3. Nf3 Nf6 4. Nc3 Qa5 5. d4 Bg4 6. Be2 Nbd7 7. O-O e6 8.
Be3 c6 9. a3 Bd6 10. Qd2 Qc7 11. h3 Bh5 12. Ng5 Bxe2 13. Qxe2 O-O 14. Nge4 Bh2+
15. Kh1 Bf4 16. Qf3 Bxe3 17. fxe3 Rae8 18. Rad1 Qa5 19. Qg3 Kh8 20. Qh4 Qh5 21.
Qxh5 Nxh5 22. g4 Nhf6 23. Nd6 Re7 24. e4 h6 25. Kg2 Kg8 26. b4 Nb6 27. e5 Nfd5
28. Nxd5 cxd5 29. Rc1 Rc7 30. Rf3 a6 31. Kf2 f6 32. Ke2 fxe5 33. Rxf8+ Kxf8 34.
dxe5 Nc4 35. Nxc4 Rxc4 36. Kd2 Rd4+ 37. Kc3 Re4 38. Kd3 b5 39. Rf1+ Ke7 40. Rf3
Rxe5 41. Kd4 Re4+ 42. Kc5 Rc4+ 43. Kb6 Rxc2 44. Kxa6 d4 45. Kxb5 Rc3 46. Rf4 e5
47. Re4 Re3 0-1

[Event "26th WSCC 2016 Open 65+"]
[Site "Marianske Lazne, Czech Republic - Hotel Cristal and Continental"]
[Date "2016.11.27"]
[Round "8.120"]
[White "Brhlik, Antonin"]
[Black "Mortensen, Steen Juul"]
[Result "1/2-1/2"]
[WhiteElo "1732"]
[BlackElo "1975"]
[PlyCount "44"]
[EventDate "2016.11.19"]

1. e4 e5 2. Nf3 Nc6 3. Bb5 a6 4. Ba4 Nf6 5. d4 Nxd4 6. Nxd4 exd4 7. e5 Ne4 8.
Qxd4 Nc5 9. O-O Be7 10. Nc3 O-O 11. Be3 d6 12. Rad1 Nxa4 13. Qxa4 Bd7 14. Qd4
Bc6 15. Qg4 Qc8 16. Qxc8 Raxc8 17. Bf4 dxe5 18. Bxe5 Rfd8 19. Rxd8+ Rxd8 20.
Rd1 Rxd1+ 21. Nxd1 Bd8 22. Ne3 f6 1/2-1/2

[Event "26th WSCC 2016 Open 65+"]
[Site "Marianske Lazne, Czech Republic - Hotel Cristal and Continental"]
[Date "2016.11.27"]
[Round "8.121"]
[White "Rubinstein, Mark"]
[Black "Zurel, Maxim"]
[Result "1-0"]
[WhiteElo "1886"]
[BlackElo "1635"]
[PlyCount "61"]
[EventDate "2016.11.19"]

1. c4 e5 2. Nc3 Nf6 3. e4 Be7 4. d3 c6 5. f4 d6 6. Nf3 exf4 7. Bxf4 Qb6 8. Qd2
Nbd7 9. Be3 Qc7 10. Be2 Ne5 11. h3 Nxf3+ 12. Bxf3 Nd7 13. d4 Nb6 14. b3 Bd7 15.
O-O O-O-O 16. a4 Be8 17. a5 Nd7 18. b4 Nf6 19. Rfb1 h5 20. b5 Kd7 21. bxc6+
bxc6 22. a6 Rb8 23. Rxb8 Qxb8 24. Rb1 Qa8 25. e5 Bd8 26. Rb7+ Kc8 27. exf6 gxf6
28. Ne4 Bc7 29. Qb4 c5 30. Nxc5 Kd8 31. Rxc7 1-0

[Event "26th WSCC 2016 Open 65+"]
[Site "Marianske Lazne, Czech Republic - Hotel Cristal and Continental"]
[Date "2016.11.27"]
[Round "8.122"]
[White "Benes, Karel"]
[Black "Bobbia, Mario"]
[Result "1/2-1/2"]
[WhiteElo "1700"]
[BlackElo "1850"]
[PlyCount "38"]
[EventDate "2016.11.19"]

1. Nf3 Nf6 2. b3 g6 3. Bb2 Bg7 4. g3 O-O 5. Bg2 c5 6. d3 Nc6 7. Nbd2 d6 8. O-O
Bd7 9. e4 Qc8 10. e5 dxe5 11. Nxe5 Nxe5 12. Bxe5 Bc6 13. Re1 Bxg2 14. Kxg2 Qc6+
15. Qf3 Qxf3+ 16. Nxf3 Rac8 17. Rac1 e6 18. h3 Nd5 19. Bxg7 Kxg7 1/2-1/2

[Event "26th WSCC 2016 Open 65+"]
[Site "Marianske Lazne, Czech Republic - Hotel Cristal and Continental"]
[Date "2016.11.27"]
[Round "8.124"]
[White "Glacner, Karel"]
[Black "Andersson, Finn"]
[Result "0-1"]
[WhiteElo "1629"]
[BlackElo "1833"]
[PlyCount "78"]
[EventDate "2016.11.19"]

1. Nf3 e6 2. c4 Nf6 3. Nc3 c5 4. g3 Nc6 5. Bg2 Be7 6. e4 O-O 7. e5 Ng4 8. Qe2
f6 9. exf6 Bxf6 10. Ne4 Be7 11. O-O d5 12. Nc3 d4 13. Ne4 d3 14. Qd1 Nce5 15.
b3 Nxf3+ 16. Bxf3 Ne5 17. Bg2 Rb8 18. Bb2 Nc6 19. Ba3 Qa5 20. Bb2 Qd8 21. Qh5
Rf5 22. Qd1 Nd4 23. f4 g6 24. Nf2 Ne2+ 25. Kh1 b5 26. Ng4 bxc4 27. Nh6+ Kf8 28.
Nxf5 exf5 29. Be5 Rb6 30. bxc4 Bb7 31. Rb1 Bxg2+ 32. Kxg2 Qa8+ 33. Kh3 Qe4 34.
Rxb6 axb6 35. Qa1 g5 36. Bf6 g4+ 37. Kh4 Kf7 38. Bg5 Qe6 39. Qh8 Qh6# 0-1

[Event "26th WSCC 2016 Open 65+"]
[Site "Marianske Lazne, Czech Republic - Hotel Cristal and Continental"]
[Date "2016.11.27"]
[Round "8.125"]
[White "Dvorsky, David"]
[Black "Weyand, Fernand"]
[Result "1-0"]
[WhiteElo "1594"]
[BlackElo "1816"]
[PlyCount "77"]
[EventDate "2016.11.19"]

1. e4 c6 2. d4 d5 3. Nd2 dxe4 4. Nxe4 Bf5 5. Ng3 Bg6 6. h4 h6 7. h5 Bh7 8. Nf3
Nd7 9. Bd3 Bxd3 10. Qxd3 Qc7 11. Bd2 e6 12. Ne4 Ngf6 13. Nxf6+ Nxf6 14. Ne5 Bd6
15. f4 O-O-O 16. O-O-O c5 17. Bc3 Nd5 18. Bd2 Rhe8 19. g3 cxd4 20. Nc4 Bc5 21.
Qe4 Nf6 22. Qf3 Rd5 23. Ne5 Bd6 24. Nd3 Kb8 25. Bb4 Rc8 26. Rd2 Qb6 27. Bxd6+
Qxd6 28. Re1 Ra5 29. Kb1 Rc6 30. Ne5 Rc7 31. Qd3 Qd5 32. a3 Rac5 33. g4 Ne8 34.
Qxd4 Nf6 35. f5 exf5 36. Qf4 Qe6 37. Rd8+ Rc8 38. Nc6+ Ka8 39. Qb8+ 1-0

[Event "26th WSCC 2016 Open 65+"]
[Site "Marianske Lazne, Czech Republic - Hotel Cristal and Continental"]
[Date "2016.11.27"]
[Round "8.126"]
[White "Ostrowski, Michal"]
[Black "Wibe, Per H"]
[Result "1-0"]
[WhiteElo "1223"]
[BlackElo "1805"]
[PlyCount "65"]
[EventDate "2016.11.19"]

1. Nc3 e5 2. e4 Nf6 3. Nf3 d6 4. Bc4 Be7 5. O-O O-O 6. d3 Bg4 7. h3 Bh5 8. Re1
Nc6 9. Be3 Na5 10. Bb3 c6 11. Kh2 h6 12. Rg1 Nh7 13. g4 Bg6 14. Rf1 Nxb3 15.
axb3 Ng5 16. Ng1 Ne6 17. Nce2 d5 18. exd5 cxd5 19. c3 e4 20. d4 Bd6+ 21. Ng3
Nf4 22. Bxf4 Bxf4 23. Kh1 Qh4 24. Nf5 Qf6 25. Ne3 Qd8 26. b4 a5 27. b5 Qd7 28.
Qb3 Rfd8 29. Qd1 Bg5 30. Qb3 b6 31. Qa4 Kh7 32. b3 Rac8 33. c4 1-0

[Event "26th WSCC 2016 Open 65+"]
[Site "Marianske Lazne, Czech Republic - Hotel Cristal and Continental"]
[Date "2016.11.27"]
[Round "8.128"]
[White "Zikavsky, Rudolf"]
[Black "Gutt, Gregory"]
[Result "0-1"]
[WhiteElo "1632"]
[BlackElo "1766"]
[PlyCount "103"]
[EventDate "2016.11.19"]

1. d4 d5 2. c4 Nf6 3. Nc3 Bf5 4. f3 e6 5. Be3 c6 6. cxd5 exd5 7. Bf2 Qb6 8. Qd2
Nbd7 9. e3 Bd6 10. Nge2 Qd8 11. Bg3 Nb6 12. b3 O-O 13. Bh4 Re8 14. e4 dxe4 15.
fxe4 Bxe4 16. Kd1 Bg6 17. Bg3 Ne4 18. Nxe4 Bxe4 19. Nc3 Bb4 20. a3 Bxc3 21.
Qxc3 Nd5 22. Qd2 Ne3+ 23. Kc1 Nf5 24. Be5 f6 25. Bc4+ Bd5 26. Rf1 Bxc4 27. bxc4
fxe5 28. Rb1 Nxd4 29. Rxb7 Re7 30. Qb4 Rxb7 31. Qxb7 Ne2+ 32. Kc2 Nf4 33. Rd1
Qc8 34. Qe7 Qf5+ 35. Kc3 Rb8 36. Rd8+ Rxd8 37. Qxd8+ Qf8 38. Qa5 Qe7 39. g3 Ng6
40. Qa6 Qd7 41. h4 Nf8 42. Qa5 Qd4+ 43. Kb3 Qb6+ 44. Ka4 Nd7 45. Qxb6 axb6 46.
Kb4 Kf7 47. g4 Ke6 48. Kc3 Nc5 49. Kd2 e4 50. h5 Ke5 51. Ke3 h6 52. Kd2 0-1